Normal view
MARC view
- Bloch,Heinz P.
Entry Personal Name
001 - CONTROL NUMBER
- control field: 914
003 - CONTROL NUMBER IDENTIFIER
- control field: OSt
005 - DATE AND TIME OF LATEST TRANSACTION
- control field: 20160714121357.0
008 - FIXED-LENGTH DATA ELEMENTS
- fixed length control field: 160714|| aca||aabn | a|a d
040 ## - CATALOGING SOURCE
- Original cataloging agency: OSt
- Transcribing agency: OSt
100 ## - HEADING--PERSONAL NAME
- Personal name: Bloch,Heinz P.
670 ## - SOURCE DATA FOUND
- Source citation: Work cat.: (OSt): Bloch,Heinz P. , Maximizing Machinery Uptime- Volume - 5: Practical Machinery Management for Process Plants, 2006
